00000000nam 2200000zi 4500
0019.925755
003CaOODSP
00520231006102810
006m     o  d f      
007cr cn|||||||||
008230801e202306##oncad   o    f000 0 eng d
020 |a9780660497525
040 |aCaOODSP|beng|erda|cCaOODSP
043 |an-cn---
0861 |aIu4-430/2023E-PDF
24500|aEvaluation of the national intellectual property strategy : |bfinal report / |cAudit and Evaluation Branch.
264 1|aOttawa, ON : |bInnovation, Science and Economic Development Canada = Innovation, sciences et développement économique Canada, |cJune 2023.
300 |a1 online resource (41 pages) : |billustrations, graphs
336 |atext|btxt|2rdacontent
337 |acomputer|bc|2rdamedia
338 |aonline resource|bcr|2rdacarrier
500 |aCover title.
500 |aIssued also in French under title: Évaluation de la stratégie nationale en matière de propriété intellectuelle : rapport final.
520 |a"The National Intellectual Property Strategy (the IP Strategy) was launched in 2018-19. The IP Strategy is an Innovation, Science and Economic Development Canada-led (ISED) initiative that includes programs and activities undertaken by Innovation Canada and the Marketplace Framework Policy Branch (of the Strategy and Innovation Policy Sector - SIPS), as well as the Federal Court, Standards Council of Canada, and the Copyright Board of Canada. The IP Strategy's objective is to help Canadian innovators and entrepreneurs better understand, protect, and monetize their IP"--Program Context, page 3.
61010|aCanada. |bInnovation, Science and Economic Development Canada|xEvaluation.
650 0|aIntellectual property|xGovernment policy|zCanada|xEvaluation.
7101 |aCanada. |bInnovation, Science and Economic Development Canada. |bAudit and Evaluation Branch, |eissuing body.
77508|tÉvaluation de la stratégie nationale en matière de propriété intellectuelle : |w(CaOODSP)9.925757
85640|qPDF|s1.63 MB|uhttps://publications.gc.ca/collections/collection_2023/isde-ised/iu4/Iu4-430-2023-eng.pdf
8564 |qHTML|sN/A|uhttps://ised-isde.canada.ca/site/audits-evaluations/en/evaluation/evaluation-national-intellectual-property-strategy